| 000 | 00660nam a2200253Ia 4500 | ||
|---|---|---|---|
| 001 | Z_89 | ||
| 003 | CHAP | ||
| 008 | 220113s19XX xx 000 0 und d | ||
| 010 | _a163057 | ||
| 040 | _cCHAP | ||
| 090 | _aFolleto 116 | ||
| 100 |
_aOrcasberro, Ruy _983403 |
||
| 245 |
_aProgramación líneal como apoyo para la planificación del uso del suelo en establecimientos lecheros / _cpor R. Orcasberro |
||
| 260 |
_a[s.l.] : _b[s.n.], _c19XX |
||
| 300 | _a23 h. | ||
| 650 |
_aProgramación líneal _992371 |
||
| 650 |
_aSuelos _9110191 |
||
| 901 | _aFOLLETO 116 | ||
| 902 | _aM | ||
| 910 | _a19XX | ||
| 942 | _cc14 | ||
| 942 | _cc14 | ||
| 999 |
_c163057 _d163057 |
||